00948cam a2200265 a 45000010008000000030004000080050017000120080041000290100017000700200016000870200018001030400018001210820019001391000021001582450057001792500023002362600050002593000035003095000089003445000020004335040030004536500021004838560088005048560090005922438586OSt20161204124438.0881117r19891975nyua b 001 0 eng  a 88033441  a0486659577  a9780486659572 aDLCcDLCdDLC00a535.2222bFGI1 aFowles, Grant R.10aIntroduction to modern optics /cby Grant R. Fowles. a2nd ed., Dover ed. aNew York :bDover Publications,c1989, c1975. aviii, 328 p. :bill. ;c22 cm. aReprint. Originally published: 2nd ed. New York : Holt, Rinehart, and Winston, 1975. aIncludes index. aBibliography: p. 317-318. 0aPhysical optics.423Publisher descriptionuhttp://www.loc.gov/catdir/description/dover031/88033441.html413Table of contents onlyuhttp://www.loc.gov/catdir/enhancements/fy1318/88033441-t.html